000 00398nam a22001577a 4500
008 171023b xxu||||| |||| 00| p tur d
020 _a9758544020
041 _atur
100 _9817
_aErdoğan Uslu
245 _aMiletus Tragedyası
250 _a1.Basım
260 _aİstanbul
_bPentimento Yayınları
_cEkim 2001
300 _a119 Sayfa
650 0 _9145
_aTürk Edebiyatı
942 _2lcc
_cBK
999 _c1495
_d1471